[Event "Julian Mazur Memorial"]
[Site "Wellington Chess Club"]
[Date "2023.09.07"]
[Round "8.6"]
[White "Loke, Kayden"]
[Black "McConnell, Jack"]
[Result "1/2-1/2"]
[WhiteElo "2045"]
[BlackElo "1640"]

1. d4 Nf6 2. Nf3 c5 3. c3 e6 4. Bg5 {Kayden decides to go for a Torre Attack,
which was a small surprise as I'd expected 1.e4 and probably a delayed Alapin.}
4... Be7 5. Nbd2 b6 6. e3 Bb7 7. Bd3 Nc6 (7... O-O {The development scheme I'm
employing has had a decent amount of testing at top level, and in particular I
knew it from the game P.Velikov-M. Tal, Berlin 1986. I've deviated slightly in
the move order from that game, but the equalising plan and the idea for an
eventual kingside counter-strike remains the same. Tal's game continued:} 8.
O-O Nc6 9. Qe2 {9.Qc2 and 9.Re1 are also common moves from this position.} 9...
cxd4 10. exd4 Nd5 {This is the main idea of the variation, to secure the trade
of dark-squared bishops on good terms for Black, with a knight on e7 to prepare
an eventual f5-push. Black will have the option to play on any side of the
board, with open c- and f-files, as well as a good light-squared bishop on the
long diagonal and a d7-e6-f5 pawn chain to control the central light squares,
like a kind of mirrored benoni.} 11. Bxe7 Ncxe7 12. Be4 Nf4 13. Qd1 Qc7 14. Re1
f5 15. Bxb7 Qxb7 16. Nc4 Rf6 17. Nce5 g5 18. Nd3 Neg6 19. Nxf4 Nxf4 20. Re3 g4
21. Ne1 Rc8 $17 {P.Velikov-M.Tal, Berlin 1986 0-1.} ) 8. Bc2 {This is a
slightly unusual move, which loses White time in the long run, and doesn't seem
to justify the comming aggression on the kingside.} 8... cxd4 9. cxd4 {9.exd4
seems more natural, as Black is better poised to make use of the c-file, and
now the bishop is an obstruction to its own pieces and may become a useful
target for Black's.} 9... O-O 10. h4 $6 {It's now clear Kayden intends to
finish me off quickly, but there's nothing to justify this attack yet. Black's
pieces are better developed than White's, and though White may have attacking
chances in the long run, there is still some building to be done.} 10... Nd5
{Tal's plan, which seems particularly apt now given it liquidates one of
White's attackers.} 11. Bxe7 Ncxe7 12. g4 $6 {Kayden spent a while on this
move, potentially because he was trying to figure out if anything would come
from a greek gift sacrifice.  12.g4 itself continues with the positionally
unsound attack, though it does seem to discourage f5, which might have been
appealing given that move will shut down most of White's threats along the
b1-h7 diagonal.}  (12. Bxh7+ $2 Kxh7 13. Ng5+ Kg8 14. e4 Nf4 $1 {Preventing the
entry of White's queen.} 15. g3 Nd3+ 16. Kf1 f6 {Unfortunately for White, there
is nothing in this position.} ) 12... Nb4 {Black had an even more accurate
course of action with the immeadiate 12...f5 (anyway!)}  (12... f5 13. gxf5 Qc7
$1 14. Rg1 (14. fxe6 $2 Nxe3 $1 15. fxe3 Qg3+ 16. Ke2 Ba6+ 17. Nc4 Bxc4+ 18.
Kd2 Rxf3) 14... Rac8 {Gaining time off of the vulnerable bishop.} 15. Bb3 Nxf5
$1 16. e4 Nb4 17. exf5 Rxf5 {Black is down a piece but White's king is
incredibly vulnerable and Black should have a winning attack.} ) 13. Bb1 f5 14.
gxf5 Nxf5 15. a3 Na6 $6 {Putting the knight offside to keep the bishop open on
the diagonal. This was a small positional error which allows White to regain
equality.} 16. e4 Nd6 17. Rg1 Rf4 $6 {Now I begin to embark upon tactical
operations which I cannot positionally justify. White's king and centre are
weak but my pieces (and a6-knight, in particular) are not well placed to
support the assault.} 18. Qe2 Rc8 19. Bd3 Qc7 $6 {This seemed like a natural
tempo to gain, with threats along White's back rank. However, Black's best was
actually the exchange sacrifice 19...Qf8! where White is limited to only a
small advantage, with plenty of room for play.}  (19... Qf8 $1 20. Bxa6 Bxa6
21. Qxa6 Rxf3 22. Nxf3 Qxf3 $14 {With activity against the weak White king and
centre to compensate for the material.} ) 20. Qe3 $1 Rcf8 21. e5 $1 {Kayden
correctly identifies that the tactics now favour White.} 21... Rxf3 $2 {A
trick, relying on the fact that Rxe3 comes with check. Black can therefore go
up material here, but if White plays accurately Black's position will be
busted.} 22. Nxf3 $6 {A small mistake, which allows Black to undo some of the
damage done with their last move, provided they don't repeat the previous
mistake.} 22... Rxf3 $2 23. Qh6 $1 {An excellent move, moving the queen out of
danger with deadly threats against the Black king.} 23... Ne8 24. Qh5 $2
{Kayden gets too fancy, and allows me to equalise again, though the sequence
is complicated. 24.Qxh7+ was simply winning.}  (24. Qxh7+ Kf8 25. Bg6 Ke7 26.
Bxe8 Kxe8 27. Rxg7 Rf8 28. Qg6+ Kd8 29. Rg8 Rxg8 30. Qxg8+ Ke7 31. Kd2 {Black's
king is trapped, and Black will have to give up material to avoid checkmate or
promotion.} ) 24... Kf8 25. Bxa6 {This tactic, exploiting the overloaded
bishop, would be winning, were it not for Black's next move.} 25... Qc2 $1
{Black is now down an exchange, but finally able to mobilise threats against
White's king, with enough for equality.} 26. Be2 {Covering the f2-pawn.} 26...
Rf5 {Retreating the rook with tempo.} 27. Qxh7 $2 {A big mistake which gives
Black the opportunity to play for a win. White's queen needed to stay connected
to the defence of the king.} 27... Qxb2 28. Rd1 Ba6 $1 {The only move for an
advantage, utilising the pin of the bishop to the f2-square.} 29. Qh8+ Ke7 30.
Rd2 Qc1+ $2 {There is an incredibly subtle difference between this move and the
correct 30...Qb2+ which makes one winning and the other only a draw.}  (30...
Qb1+ $1 31. Bd1 Qe4+ 32. Re2 (32. Be2 Bxe2 33. Rxg7+ Nxg7 34. Qxg7+ Kd8 35.
Rxe2 Qb1+ 36. Kd2 Qb2+ 37. Kd1 Qb1+ 38. Kd2 Qa2+ 39. Kd1 Qa1+ 40. Kd2 Qxd4+ $19
) 32... Bxe2 33. Bxe2 Qxd4 34. Rxg7+ Nxg7 35. Qxg7+ Kd8 36. Qg8+ Kc7 37. Qg3)
31. Bd1 {The only defensive move. 31.Rd1 loses quickly.} 31... Rxf2 $1 {Black's
best attempt to force a mistake out of White.} 32. Rxg7+ $1 {Kayden correctly
sacrifices the exchange back, White's only chance of drawing the game.}  (32.
Rxf2 Qe3+ (32... Qc3+ 33. Rd2 Qe3+ 34. Re2 Qxg1+ 35. Kd2 Qxd4+ 36. Kc1 Bxe2 37.
Bxe2 Qxe5) 33. Be2)  (32. Kxf2 Qxd2+ 33. Kg3 Qxd4 34. Kh2 Qf2+ 35. Rg2 Qf4+ 36.
Rg3 Qd2+ 37. Rg2 Qxd1) 32... Nxg7 33. Qxg7+ (33. Rxf2 Qc3+ 34. Rd2 Qg3+ 35. Rf2
Qg1+ 36. Kd2 Qxf2+) 33... Rf7 34. Qg5+ Ke8 35. Qg6 $2 {To both of us this
looked like it shut down Black's attack and forced a draw. In fact, this move
gives Black to opportunity to play on in a winning position. White does have a
perpetual check here but only after 35.Qg8+}  (35. Qg8+ Rf8 36. Qg6+ Kd8 37.
Qg5+ {Black's king obviously cannot step onto the c-file.} 37... Ke8 38. Qg6+
Ke7 39. Qg7+ Rf7 40. Qg5+) 35... Kf8 36. Qh6+ Ke7 $2 (36... Ke8 37. Qg6 Qxa3 $1
{White is simply getting checkmated in this position. For some reason I
thought there was danger in trying to play on, but White really can't make any
threats without getting mated. The queen on a3 is safely off the c-file, and
defends the rook, freeing up the king to run. For example:} 38. Rf2 $4 (38.
Qg8+ Rf8 39. Bh5+ Kd8 40. Qg5+ Kc7 41. Rc2+ Kb7)  (38. Bh5 Qc1+ 39. Bd1 Bc4 40.
Qg8+ Rf8 41. Qg6+ Kd8 42. Qg5+ Kc7 43. Qg2 Kb8 44. Rc2 Qe3+ 45. Be2 Bxe2 46.
Qxe2 Qg1+ 47. Kd2 Rf2) 38... Qc3+ 39. Rd2 Qg3+ $3 40. Qxg3 Rf1#) 37. Qg5+ Ke8
38. Qg6 $2 {We make the same repetition, both simply relieved to have come to a
draw after such a sharp game.} 38... Kf8 39. Qh6+ Ke7 40. Qg5+ 1/2-1/2

[Event "Julian Mazur Memorial"]
[Site "Wellington Chess Club"]
[Date "2023.09.07"]
[Round "8.7"]
[White "Sellen, Ian"]
[Black "Marney, John"]
[Result "1-0"]
[WhiteElo "2039"]
[BlackElo "1658"]

1. c4 e6 {Opening: A13: English Opening, Agincourt Defense} 2. Nf3 d5 3. d4 Nf6
4. Nc3 Be7 5. Bg5 h6 6. Bh4 O-O 7. e3 b6 8. Rc1 Bb7 9. Be2 c5 10. O-O cxd4 11.
Nxd4 Nc6 12. cxd5 Nxd4 13. Qxd4 Nxd5 14. Bg3 Bc5 15. Qg4 Nxe3 16. fxe3 Bxe3+
17. Bf2 Bxc1 18. Rxc1 Qd2 19. Rd1 Qg5 20. Qxg5 hxg5 21. Be3 f6 22. Bc4 Rfe8 23.
Rd6 Kf7 24. Kf2 Rad8 25. Bxe6+ Ke7 26. Rxd8 Rxd8 27. Bc4 Bc6 28. Ne2 Bd5 29.
Bxd5 Rxd5 30. Nd4 Kd7 31. g4 g6 32. Ke2 f5 33. Kd3 f4 34. Bf2 Kd6 35. b4 b5 36.
Ke4 Re5+ 37. Kf3 a6 38. Nb3 Rd5 39. Bd4 Kc6 40. Ke4 Kd6 41. Nc5 a5 42. Nb7+ Ke6
43. Nxa5 Rd8 44. a3 Rc8 45. Nb3 Rc2 46. Bc5 Rc4+ 47. Nd4+ Kd7 48. Kd3 Rc1 49.
Nf3 Ra1 50. Nxg5 Rxa3+ 51. Ke4 Ra2 52. h3 Kc6 53. Kxf4 Re2 54. Nf3 Kd5 55. Kg5
Re6 56. Nd4 Re3 57. Nxb5 Rxh3 58. Kxg6 Kc4 59. Nd6+ Kd5 60. g5 Re3 61. Bxe3 1-0

[Event "Julian Mazur Memorial"]
[Site "Wellington Chess Club"]
[Date "2023.09.07"]
[Round "8.8"]
[White "Aldridge, Alan"]
[Black "Malcolm, Aidan"]
[Result "0-1"]
[WhiteElo "1894"]
[BlackElo "1831"]

1. d4 Nf6 2. c4 c5 3. d5 d6 4. Nc3 g6 5. Nf3 Bg7 6. g3 O-O 7. Bg2 e6 8. O-O
exd5 9. Nxd5 Nxd5 10. Qxd5 Qb6 11. Ng5 Na6 12. Bf4 h6 13. Ne4 Bd7 14. Rfd1 Bc6
15. Qxd6 Rad8 16. Nf6+ Kh8 17. Qe7 Bxg2 18. Nd7 Qc6 19. Nxf8 Re8 20. Nxg6+ fxg6
21. Rd8 Rxd8 22. Qxd8+ Kh7 23. Qe7 Bh3 24. e4 Qd7 25. Qxd7 Bxd7 26. Rb1 Bc6 27.
f3 Bd4+ 28. Kf1 Nb4 29. a3 Nd3 30. b4 b5 31. bxc5 bxc4 32. Bd2 c3 33. Bxc3 Bxc3
34. Rb3 Bd4 35. Rxd3 Bb5 36. Ke2 Bxd3+ 37. Kxd3 Bxc5 38. a4 Bg1 39. h3 Bh2 40.
g4 Kg7 41. Kd4 Kf6 42. Kd5 Be5 43. a5 Bc3 44. a6 Be5 45. Kc6 Kg5 46. Kb7 Bd4
47. Kc6 Kf4 48. Kd5 Bb2 49. Ke6 Kxf3 50. Kf7 Kxe4 51. Kxg6 Bc1 52. h4 Kd5 53.
g5 hxg5 54. hxg5 Kc6 55. Kf7 Bxg5 0-1

[Event "Julian Mazur Memorial"]
[Site "Wellington Chess Club"]
[Date "2023.09.07"]
[Round "8.9"]
[White "Sethuramalingam, Karthik"]
[Black "Keith, Matthew"]
[Result "1-0"]
[WhiteElo "1730"]
[BlackElo "1855"]

1. d4 Nf6 2. c4 e6 3. g3 d5 4. Nf3 Bb4+ 5. Bd2 Be7 6. Bg2 O-O 7. O-O c6 8. Qc2
b6 9. cxd5 cxd5 10. Ne5 Bb7 11. Rc1 Nbd7 12. Nc6 Bxc6 13. Qxc6 Rc8 14. Qa4
Rxc1+ 15. Bxc1 Qc7 16. Nc3 Qb7 17. Bf4 Rc8 18. Rd1 Rc4 19. Qb3 a6 20. e4 b5 21.
exd5 exd5 22. Bg5 h6 23. Nxd5 Nxd5 24. Bxe7 N7b6 25. Bc5 Qd7 26. Bf1 Ra4 27. a3
Nc4 28. Qc2 1-0

[Event "Julian Mazur Memorial"]
[Site "Wellington Chess Club"]
[Date "2023.09.07"]
[Round "8.10"]
[White "Moses, Christopher"]
[Black "Brockway, Andrew"]
[Result "0-1"]
[WhiteElo "1879"]
[BlackElo "1675"]

1. e4 c6 2. d4 d5 3. f3 Nf6 4. e5 Ng8 5. Bd3 e6 6. f4 c5 7. c3 Nc6 8. Nf3 cxd4
9. cxd4 Qb6 10. O-O Bd7 11. Be3 Be7 12. Ng5 Nh6 13. f5 Nxe5 14. fxe6 Bxe6 15.
Nxe6 Nxd3 16. Nxg7+ Kf8 17. Bxh6 Qxd4+ 18. Kh1 Nf2+ 0-1

[Event "Julian Mazur Memorial"]
[Site "Wellington Chess Club"]
[Date "2023.09.07"]
[Round "8.11"]
[White "Tan, Jin"]
[Black "Saglam, Yigit"]
[Result "0-1"]
[WhiteElo "1236"]
[BlackElo "1775"]

1. e4 c5 2. Nf3 Nc6 3. Bb5 g6 4. c3 Bg7 5. Bxc6 bxc6 6. d4 cxd4 7. cxd4 Ba6 8.
Qa4 Qb6 9. Nbd2 Nf6 10. e5 Nd5 11. Nc4 Qb4+ 12. Qxb4 Nxb4 13. b3 Nc2+ 14. Kd2
Nxa1 15. Ba3 Nxb3+ 16. axb3 Bh6+ 17. Kc2 Bxc4 18. bxc4 Rb8 19. Ne1 d6 20. Nd3
Kd7 21. c5 d5 22. Re1 e6 23. Ra1 Rb7 24. Bb2 Rhb8 25. h4 Bg7 26. Rh1 f6 27. f4
fxe5 28. fxe5 Bh6 29. Rf1 Rf8 30. Rf6 Bg7 31. Rxf8 Bxf8 32. Bc1 a5 33. Bd2 a4
34. Bb4 Bh6 35. g4 Be3 36. Kc3 h6 37. g5 Ke7 38. Ne1 Bxd4+ 0-1

[Event "Julian Mazur Memorial"]
[Site "Wellington Chess Club"]
[Date "2023.09.07"]
[Round "8.12"]
[White "Coates, Alex"]
[Black "Sova, Leo"]
[Result "1-0"]
[WhiteElo "1745"]
[BlackElo "1645"]

1. d4 d5 2. c4 e6 3. Nc3 Nf6 4. cxd5 exd5 5. Bf4 c5 6. e3 Nc6 7. Nf3 Bg4 8. Be2
Be7 9. O-O O-O 10. Rc1 c4 11. Ne5 Bxe2 12. Qxe2 h6 13. Rfd1 Qb6 14. h4 Rad8 15.
g4 Nh7 16. g5 hxg5 17. hxg5 Bxg5 18. Bxg5 Nxg5 19. Qg4 Ne6 20. Rc2 Nxe5 21.
dxe5 Qc6 22. Ne2 Qc7 23. f4 f5 24. Qg3 Kf7 25. Nd4 Nxd4 26. Rxd4 Qc6 27. Rg2
Qh6 28. Qf3 Qh4 29. Kf1 Qh1+ 30. Ke2 Ke6 31. Rg6+ Kf7 32. Qxh1 Kxg6 1-0

[Event "Julian Mazur Memorial"]
[Site "Wellington Chess Club"]
[Date "2023.09.07"]
[Round "8.13"]
[White "Evans, Oliver"]
[Black "Benitez, Edgar"]
[Result "0-1"]
[WhiteElo "1571"]
[BlackElo "1903"]

1. d4 d5 2. Nf3 Nf6 3. e3 Bf5 4. c4 e6 5. Nc3 c6 6. Bd3 Bg6 7. O-O Bd6 8. Re1
Ne4 9. Qc2 f5 10. cxd5 exd5 11. g3 O-O 12. Bxe4 fxe4 13. Nh4 Bh5 14. Ne2 g5 15.
Ng2 Bf3 16. Kh1 Qd7 17. Ng1 Qg4 18. h3 Qh5 19. Bd2 Rf7 20. a3 Bg4 21. Kh2 Rxf2
22. Rf1 Rxf1 23. Rxf1 Nd7 24. Bb4 Bxb4 25. axb4 Bf3 26. Nxf3 exf3 27. Ne1 g4
28. h4 Re8 29. Qf2 Qh6 30. Nc2 Nf6 31. Qd2 Ne4 32. Qc1 Qd6 33. Rg1 Re6 34. Qf1
Rh6 35. Kh1 Nxg3+ 0-1

[Event "Julian Mazur Memorial"]
[Site "Wellington Chess Club"]
[Date "2023.09.07"]
[Round "8.14"]
[White "Tanoi, Edward"]
[Black "Farrington, Lawrence"]
[Result "1-0"]
[WhiteElo "1934"]
[BlackElo "1506"]

1. d4 Nf6 2. Nf3 d6 3. Bf4 g6 4. Nc3 Bg7 5. Qd2 O-O 6. O-O-O Nc6 7. e4 Bg4 8.
Be2 Bxf3 9. Bxf3 e5 10. dxe5 dxe5 11. Bg5 Qxd2+ 12. Rxd2 h6 13. Bxf6 Bxf6 14.
Rd7 Bd8 15. Rhd1 Nd4 16. Bg4 h5 17. Bh3 b6 18. f4 c5 19. fxe5 Ne6 20. g3 Ng5
21. Bg2 Ne6 22. Nb5 a6 23. Nd6 Nd4 24. Rf1 f6 25. exf6 Rxf6 26. Rxf6 Bxf6 27.
e5 Bg5+ 28. Kd1 Rf8 29. Bd5+ Kh8 30. Nf7+ Rxf7 31. Bxf7 Nc6 32. e6 Kg7 33. h4
Bf6 34. c3 Ne7 35. Ke2 Nf5 36. Kf3 Ne7 37. Rd6 b5 38. Rxa6 b4 39. cxb4 cxb4 40.
b3 Bb2 41. Ra7 Kf6 42. Ra4 Bc3 43. a3 bxa3 44. Rxa3 Bb4 45. Ra7 Nc6 46. Rb7 Be7
47. Ke4 Nd8 48. Rxe7 Kxe7 49. Bxg6 Kxe6 50. Bxh5 1-0

[Event "Julian Mazur Memorial"]
[Site "Wellington Chess Club"]
[Date "2023.09.07"]
[Round "8.15"]
[White "Osborne, Geoff"]
[Black "Katkodia, Ali"]
[Result "0-1"]
[WhiteElo "1434"]
[BlackElo "1609"]

1. e4 d6 2. d4 Nf6 3. Nc3 g6 4. Nf3 Bg7 5. Be2 O-O 6. O-O c6 7. h3 b5 8. a3 Qc7
9. e5 dxe5 10. Nxe5 Nbd7 11. Nxd7 Bxd7 12. Bf3 Rad8 13. Ne2 Rfe8 14. c3 c5 15.
Be3 Bc6 16. Bxc6 Qxc6 17. Rc1 e5 18. Qc2 cxd4 19. cxd4 Qxc2 20. Rxc2 Nd5 21.
Rd1 Nxe3 22. fxe3 Bh6 23. Kf2 Bxe3+ 24. Kxe3 exd4+ 25. Kd3 Re3+ 26. Kd2 Rb3 27.
Nc1 Rg3 28. Rg1 f5 29. Rc7 f4 30. Ne2 Rb3 31. Nxf4 Rxb2+ 32. Rc2 Rb3 33. Re1
Rxa3 34. Nd3 a5 35. Rb1 Rd5 36. Rc7 Rg5 37. g4 h5 38. Re1 Kf8 39. Rf1+ Kg8 40.
Rc8+ Kg7 41. Rc7+ Kh6 42. Rff7 Rd5 43. h4 g5 44. hxg5+ Rxg5 45. Rh7+ Kg6 46.
Rhg7+ Kh6 47. Rh7+ Kg6 48. Rhg7+ Kh6 49. Rxg5 Kxg5 50. gxh5 Ra2+ 51. Kc1 Rh2
52. Rc5+ Kg4 53. Rxb5 Rxh5 54. Nf2+ Kh4 55. Rb3 Rd5 56. Nd3 Kg4 57. Kd2 Kf5 58.
Ra3 Ke4 59. Kc2 Rb5 60. Ra4 Ke3 61. Nc1 Rc5+ 62. Kd1 Rb5 63. Ra3+ Ke4 64. Kd2
Rb2+ 65. Kd1 Rb5 66. Nb3 d3 67. Nd2+ Kd4 68. Ra4+ Kc3 69. Ra3+ Kd4 70. Ra4+ Ke3
71. Re4+ Kf2 72. Ra4 Re5 73. Ra2 Re1# 0-1

[Event "Julian Mazur Memorial"]
[Site "Wellington Chess Club"]
[Date "2023.09.07"]
[Round "8.16"]
[White "Grant, Elliot"]
[Black "Ulm, Eric"]
[Result "1/2-1/2"]
[WhiteElo "1200"]
[BlackElo "1433"]

1. e4 e6 2. d4 d5 3. Nc3 dxe4 4. Nxe4 Bd7 5. Nf3 Bc6 6. Bd3 Nd7 7. O-O Ngf6 8.
Bg5 Be7 9. Qe2 h6 10. Bf4 Nxe4 11. Bxe4 Bxe4 12. Qxe4 c6 13. Rad1 Nf6 14. Qd3
O-O 15. Rfe1 Re8 16. Ne5 Bd6 17. Qg3 Nh5 18. Qg4 Nf6 19. Qh3 Qe7 20. Rd3 Qf8
21. Rg3 Kh7 22. Qh4 Be7 23. Bg5 Rad8 24. Bxf6 Bxf6 25. Qe4+ Kh8 26. c3 Bxe5 27.
Qxe5 Rd5 28. Qe4 Red8 29. f4 c5 30. Rd3 cxd4 31. cxd4 Qb4 32. Rc1 Qxb2 33. Rc7
Kg8 34. Rb3 Qxd4+ 35. Qxd4 Rxd4 36. Rbxb7 Rxf4 37. g3 Ra4 38. Rxf7 Rd1+ 39. Kg2
Rxa2+ 40. Kh3 Rdd2 41. Rxg7+ Kf8 1/2-1/2

[Event "Julian Mazur Memorial"]
[Site "Wellington Chess Club"]
[Date "2023.09.07"]
[Round "8.17"]
[White "Asher, Bruce"]
[Black "Ulm, Joy"]
[Result "0-1"]
[WhiteElo "1206"]
[BlackElo "1664"]

1. d4 Nf6 2. Nc3 d5 3. Nf3 Bf5 4. e3 e6 5. h3 c5 6. Bb5+ Nc6 7. Ne5 Qc7 8. b3
Bd6 9. f4 Ne4 10. Bb2 f6 11. Nxc6 bxc6 12. Be2 cxd4 13. Nxe4 Bxe4 14. Bxd4 Bxg2
15. Rh2 Be4 16. Bh5+ Bg6 17. Rg2 Qf7 18. Bxg6 hxg6 19. Rh2 Bb4+ 20. c3 Bd6 21.
Qe2 Qd7 22. b4 e5 23. Bc5 Bxc5 24. bxc5 Rxh3 25. O-O-O O-O-O 26. Qg2 Rxe3 27.
Kd2 exf4 28. Qxg6 Qe7 29. Qg4+ Re6 30. Qxf4 Re8 31. Qg4 Kc7 32. Qg3+ Re5 33.
Rh7 Rg8 34. Re1 Kd7 35. Qh3+ Qe6 36. Qxe6+ Kxe6 37. Rb1 Kf7 38. Rb7+ Re7 39.
Rb4 Rge8 40. Kc2 Re4 41. Kb3 Rxb4+ 42. Kxb4 Rb8+ 43. Ka5 Kg8 44. Rh4 g5 45. Rg4
Rb7 46. Ka6 Rc7 47. a4 Kg7 48. Rg3 Kg6 49. Re3 g4 0-1

[Event "Julian Mazur Memorial"]
[Site "Wellington Chess Club"]
[Date "2023.09.07"]
[Round "8.22"]
[White "Milsom, Marcel"]
[Black "Fairbrother, Rebecca"]
[Result "1-0"]
[WhiteElo "1000"]
[BlackElo "918"]

1. d4 d5 2. c4 Nf6 3. Nf3 e6 4. Nc3 Bb4 5. Bg5 Nc6 6. e3 O-O 7. Bd3 Qe7 8. cxd5
exd5 9. O-O h6 10. Nxd5 Qe6 11. Nxf6+ Kh8 12. d5 Bd7 13. dxe6 Bxe6 14. Bxh6
gxh6 15. Nd4 Nxd4 16. exd4 Rfd8 17. Qh5 Kg7 18. Ng4 Rxd4 19. Qxh6+ Kg8 20. Nf6#
1-0

[Event "Julian Mazur Memorial"]
[Site "Wellington Chess Club"]
[Date "2023.09.07"]
[Round "8.24"]
[White "Saglam, Azra Sena"]
[Black "Thirkell, Zachary"]
[Result "1-0"]
[WhiteElo "1546"]
[BlackElo "1799"]

1. c4 e6 2. e4 d5 3. cxd5 exd5 4. exd5 Nf6 5. Nc3 Nxd5 6. Nf3 Bg4 7. Bc4 Nf6 8.
O-O Be7 9. h3 Bh5 10. Qb3 b6 11. Ne5 O-O 12. d3 c6 13. Qc2 Bd6 14. Bf4 Qc7 15.
Rfe1 Nbd7 16. Nxd7 Nxd7 17. Bxd6 Qxd6 18. Ne4 Qd4 19. Qc3 Qxc3 20. bxc3 Ne5 21.
Nd2 Nxc4 22. Nxc4 Rad8 23. Ne5 f6 24. Nxc6 Rxd3 25. Nxa7 Rxc3 26. Nb5 Rc2 27.
Na3 Re2 28. Nc4 b5 29. Nd6 b4 30. Rxe2 Bxe2 31. Rb1 Rd8 32. Rb2 Bd3 33. Nb7 Ra8
34. Nc5 Bc4 35. Rxb4 Bxa2 36. g4 h6 37. Ne4 Rd8 38. Kg2 Bd5 39. f3 Bxe4 40.
Rxe4 Rd5 41. h4 h5 42. Kg3 Kh7 43. Rf4 Kh6 44. Rf5 Re5 45. Kf4 Rxf5+ 46. Kxf5
Kh7 47. g5 Kg8 48. gxf6 Kf7 49. fxg7 Kxg7 50. Kg5 1-0

[Event "Julian Mazur Memorial"]
[Site "Wellington Chess Club"]
[Date "2023.09.15"]
[Round "9.1"]
[White "Van der Hoorn, Thomas"]
[Black "Dive, Russell"]
[Result "1/2-1/2"]
[WhiteElo "2138"]
[BlackElo "2327"]

1. e4 c5 2. Nf3 a6 3. c4 g6 4. d4 Bg7 5. Nc3 cxd4 6. Nxd4 d6 7. Be2 Nf6 8. O-O
O-O 9. Be3 Nbd7 10. Qc2 Qc7 11. Rac1 b6 12. Nd5 Nxd5 13. cxd5 Qxc2 14. Rxc2 Nc5
15. Nc6 Re8 16. f3 a5 17. Bg5 Kf8 18. Bb5 Bd7 19. Re1 f6 20. Be3 Rac8 21. a3 a4
22. Bxc5 bxc5 23. Bxa4 e6 24. Rce2 f5 25. Bb5 exd5 26. exd5 Bxb2 27. a4 Bc3 28.
Rxe8+ Rxe8 29. Rxe8+ Kxe8 30. Kf2 Bxc6 31. Bxc6+ 1/2-1/2

[Event "Julian Mazur Memorial"]
[Site "Wellington Chess Club"]
[Date "2023.09.15"]
[Round "9.2"]
[White "Cilia Vincenti, David"]
[Black "Young, Cohen"]
[Result "1-0"]
[WhiteElo "2124"]
[BlackElo "2099"]

1. c4 Nf6 2. g3 e5 3. Bg2 d5 4. cxd5 Nxd5 5. Nc3 Nb6 6. Nf3 Nc6 7. O-O Be7 8.
b3 O-O 9. Bb2 Be6 10. Rc1 f5 11. e4 f4 12. Ne2 fxg3 13. hxg3 Qd6 14. d4 Bg4 15.
Rxc6 bxc6 16. Nxe5 Bxe2 17. Qxe2 c5 18. dxc5 Qxc5 19. Rc1 Qd6 20. Rc6 Qd8 21.
Bh3 Bf6 22. Be6+ Kh8 23. Qh5 g6 24. Nxg6+ Kg7 25. Nxf8 Qd1+ 26. Qxd1 1-0

[Event "Julian Mazur Memorial"]
[Site "Wellington Chess Club"]
[Date "2023.09.15"]
[Round "9.3"]
[White "Archer, Ollie"]
[Black "Rossiter, Philip E"]
[Result "1-0"]
[WhiteElo "2158"]
[BlackElo "1794"]

1. d4 Nf6 2. Bg5 e6 3. Nd2 d5 4. e3 Be7 5. Bd3 Nbd7 6. f4 c5 7. c3 b6 8. Ngf3
Bb7 9. Ne5 Ne4 10. Bb5 Bxg5 11. Nxe4 Bh4+ 12. Ng3 Bc8 13. Qa4 Bf6 14. Bc6 Bxe5
15. Bxa8 Bb8 16. Bc6 O-O 17. O-O Nf6 18. Bb5 Ng4 19. Rf3 f5 20. Rd1 g5 21. c4
gxf4 22. exf4 Qh4 23. Nf1 cxd4 24. cxd5 Ne3 25. Nxe3 dxe3 26. Rxe3 Bxf4 27. Rh3
Qg4 28. Rdd3 Kh8 29. dxe6 Bxe6 30. Qd4+ 1-0